| 000 | 00988cam a2200301 a 4500 | ||
|---|---|---|---|
| 008 | |||
| 020 | _a9781118092330 (pbk.) | ||
| 049 | _aMAIN | ||
| 090 |
_aTK7874 _bCAR |
||
| 100 | 1 | _aCarusone, Tony Chan. | |
| 245 | 1 | 0 |
_aAnalog integrated circuit design / _cTony Chan Carusone, David A. Johns, Kenneth W. Martin. |
| 250 | _a2nd ed. | ||
| 260 |
_aHoboken, New Jersey : _bJohn Wiley & Sons, _cc2013. |
||
| 300 |
_axxii, 792 p. : _bill. ; _c24 cm. |
||
| 500 | _aIncludes index. | ||
| 504 | _aIncludes bibliographical references. | ||
| 650 | 0 |
_aLinear integrated circuits _xDesign and construction. |
|
| 650 | 0 |
_aAnalog electronic systems _xDesign. |
|
| 650 | 0 | _aElectronic circuit design. | |
| 700 | 1 | _aJohns, David. | |
| 700 | 1 |
_aMartin, Kenneth W. _q(Kenneth William). |
|
| 700 | 1 | _aJohns, David. | |
| 907 |
_a.b10387808 _b19-01-18 _c18-01-18 |
||
| 003 | |||
| 005 | 20230123141053.0 | ||
| 040 | _cNUST | ||
| 942 |
_cBOOKS _kTK7874 _mCAR |
||
| 999 |
_c167142 _d167142 |
||